01570 2200673 4500001002100000005001500021035002000036007000300056008004100059020002200100082001100122084001700133100004100150245008200191250001000273300003800283500002200321650001600343264003100359336002100390337003000411338002300441990001200464990001200476990001200488990001200500990001200512990001200524990001200536990001200548990001200560990001200572990001200584990001200596990001200608990001200620990001200632990001200644990001200656990001200668990001200680990001200692990001200704990001200716990001200728990001200740990001200752990001200764990001200776990001200788990001200800990001200812990001200824990001200836990001200848990001200860990001200872990001200884INLIS00000000000041020241018083914 a0010-1024000003ta241018 0 ind  a978-623-266-654-2 a297.73 a297.73 SHO p0 aSholeh Dimyathi, H.A, dkkePengarang1 aPendidikan Agama Islam dan Budi Pekerti :bSMK Kelas X /cH.A Sholeh Dimyathi acet 1 axii, 291 halaman :bilus ;c21 cm aKurikulum Merdeka 4aAgama Islam aJakarta :bErlangga,c2022 2rdacontentateks 2rdamediaatanpa perantara 2rdacarrieravolume a24.0429 a24.0430 a24.0431 a24.0432 a24.0433 a24.0434 a24.0435 a24.0436 a24.0437 a24.0438 a24.0439 a24.0440 a24.0441 a24.0442 a24.0443 a24.0444 a24.0445 a24.0446 a24.0447 a24.0448 a24.0449 a24.0450 a24.0451 a24.0452 a24.0453 a24.0454 a24.0455 a24.0456 a24.0457 a24.0458 a24.0459 a24.0460 a24.0461 a24.0462 a24.0463 a24.0464